000 00450nam a2200181Ia 4500
005 20250603144910.0
008 250603s9999 xx 000 0 und d
020 _a9788176489775
050 _aRA 644 .E5 .B87/
100 _aBurdzik, RafaƂ
245 0 _aEpidemic risk analysis and assessment in transport services
260 _aBoca Raton
260 _bCRC Press
260 _c2023
300 _a293 p
650 _aBoca Raton
942 _cBK
999 _c40279
_d40279